Welcome to the Holygrace Academy Library

Please use search bar below to get started

FUNDAMENTALS OF MAGNETISM AND ELECTRICITY (Record no. 1419)

MARC details
000 -LEADER
fixed length control field 00411nam a22001577a 4500
020 ## - INTERNATIONAL STANDARD BOOK NUMBER
ISBN 81-219-0955-4
082 ## - DEWEY DECIMAL CLASSIFICATION NUMBER
Classification number 530
Item number VAS/F
100 ## - MAIN ENTRY--AUTHOR NAME
Personal name VASUDEVA, D.N
245 ## - TITLE STATEMENT
Title FUNDAMENTALS OF MAGNETISM AND ELECTRICITY
Remainder of title PHYSICS
246 ## - VARYING FORM OF TITLE
Title proper/short title FUNDAMENTALS OF MAGNETISM AND ELECTRICITY
Remainder of title PHYSICS
260 ## - PUBLICATION, DISTRIBUTION, ETC. (IMPRINT)
Place of publication DELHI
Name of publisher S.CHAND PUBLICATIONS
Year of publication 1951
300 ## - PHYSICAL DESCRIPTION
Number of Pages 944
520 ## - SUMMARY, ETC.
Summary, etc PHYSICS
650 ## - SUBJECT ADDED ENTRY--TOPICAL TERM
Topical Term PHYSICS
942 ## - ADDED ENTRY ELEMENTS (KOHA)
Koha item type Books
Holdings
Withdrawn status Lost status Collection code Home library Current library Shelving location Date acquired Source of acquisition Cost, normal purchase price Full call number Accession Number Koha item type
    Reference Main Library Main Library SHELF-5C REFERENCE PHYSICS 23/10/2006 Purchase 180.00 530 VAS/F 03324 Books